Los de abajo : novela de la revolución mexicna /
Kaydedildi:
| Yazar: | |
|---|---|
| Materyal Türü: | Bilinmiyor |
| Dil: | Spanish |
| Baskı/Yayın Bilgisi: |
México :
Fondo de Cultura Popular,
c1958.
|
| Konular: | |
| Etiketler: |
Etiketle
Etiket eklenmemiş, İlk siz ekleyin!
|
MARC
| LEADER | 000000000a22000000004500 | ||
|---|---|---|---|
| 001 | 012534 | ||
| 041 | 0 | |a spa | |
| 082 | 0 | 4 | |a M863.4 |b A997L |
| 100 | 1 | |a Azuela, Mariano, |d 1873-1952 | |
| 245 | 1 | 4 | |a Los de abajo : |b novela de la revolución mexicna / |c Mariano Azuela. |
| 260 | 1 | |a México : |b Fondo de Cultura Popular, |c c1958. | |
| 300 | |a 140 páginas | ||
| 500 | |a La Biblioteca contiene otro ejemplar con número de inscripción 14264. -- Reimpresiones: 1977 | ||
| 650 | 4 | |a LITERATURA MEXICANA | |
| 650 | 4 | |a NOVELA | |
| 500 | |a Colección George Yúdice | ||
| 999 | |c 18495 |d 18495 | ||
| 942 | |c BK |h M863.4 A997L |2 z | ||
